Normal view
MARC view
Entry Personal Name
001 - CONTROL NUMBER
- control field: 18732
003 - CONTROL NUMBER IDENTIFIER
- control field: dpl
005 - DATE AND TIME OF LATEST TRANSACTION
- control field: 20100907123856.0
008 - FIXED-LENGTH DATA ELEMENTS
- fixed length control field: 100907|||a|||||| | ||| d
040 ## - CATALOGING SOURCE
- Original cataloging agency: dpl
- Transcribing agency: dpl
100 ## - HEADING--PERSONAL NAME
- Personal name: गोयल, गीतिका
670 ## - SOURCE DATA FOUND
- Source citation: Work cat.: (dpl)29956: गोयल, गीतिका, बीरबल की मनोरंजक कहानियाँ /, 2009
670 ## - SOURCE DATA FOUND
- Source citation: Work cat.: (dpl)29956: गोयल, गीतिका, बीरबल की मनोरंजक कहानियाँ /, 2009
